UM Logo

Family stories, counter-storytelling, and chronological overlaying : (Record no. 24171)

MARC details
000 -LEADER
fixed length control field 00995nam a22002177a 4500
003 - CONTROL NUMBER IDENTIFIER
control field OSt
005 - DATE AND TIME OF LATEST TRANSACTION
control field 20251107131127.0
008 - FIXED-LENGTH DATA ELEMENTS--GENERAL INFORMATION
fixed length control field 251107b |||||||| |||| 00| 0 eng d
040 ## - CATALOGING SOURCE
Transcribing agency 0
082 ## - DEWEY DECIMAL CLASSIFICATION NUMBER
Classification number DPer 372.83044 SoI31 September 2022-April 2023 v. 35 n. 1-4
100 ## - MAIN ENTRY--PERSONAL NAME
Personal name Wise, Crystal N.
Relator term author.
9 (RLIN) 69295
245 ## - TITLE STATEMENT
Title Family stories, counter-storytelling, and chronological overlaying :
Remainder of title exploring black historical consciousness in elementary social studies /
Statement of responsibility, etc. Crystal N. Wise, Brittany L. Jones, Blake A. Thompson, and Anne-Lise Halvorsen.
260 ## - PUBLICATION, DISTRIBUTION, ETC. (IMPRINT)
Place of publication, distribution, etc. NCSS Publication ;
Date of publication, distribution, etc. January-February 2023.
300 ## - PHYSICAL DESCRIPTION
Extent Volume 35, pages 5-12 :
Other physical details illustration ;
Dimensions 28 cm.
500 ## - GENERAL NOTE
General note Social Studies and the Young Learner, vol. 35, no. 3, pages 5-12, January/February 2023.
700 ## - ADDED ENTRY--PERSONAL NAME
Personal name Wise, Crystal N.
Relator term author.
9 (RLIN) 69295
710 ## - ADDED ENTRY--CORPORATE NAME
Corporate name or jurisdiction name as entry element Jones, Brittany L.
Relator term author.
9 (RLIN) 69296
711 ## - ADDED ENTRY--MEETING NAME
Meeting name or jurisdiction name as entry element Thompson, Blake A.
Relator term author.
9 (RLIN) 69297
711 ## - ADDED ENTRY--MEETING NAME
Meeting name or jurisdiction name as entry element Halvorsen, Anne-Lise.
Relator term author.
9 (RLIN) 69298
942 ## - ADDED ENTRY ELEMENTS (KOHA)
Source of classification or shelving scheme Dewey Decimal Classification
Koha item type Periodicals
Holdings
Withdrawn status Lost status Source of classification or shelving scheme Damaged status Not for loan Collection code Home library Current library Date acquired Total Checkouts Full call number Date last seen Price effective from Koha item type Public note
    Dewey Decimal Classification     Periodicals UM Digos College - LIC UM Digos College - LIC 11/07/2025   DPer 372.83044 SoI31 September 2022-April 2023 v. 35 n. 1-4 11/07/2025 11/07/2025 Periodicals Periodical Article